LDR 00690naa#a2200169#i#450# 001 EN\\bibl\118347 005 20260601185500.1 011 ## _a2224-6789 100 ## _a20260401b2026####ek#y0engy0150####ca 102 ## _aRU 200 1# _aContent and forms of implementation of international educational programs at a tourism university _eJournal article 210 1# _aMoscow _cRussian International Academy for Tourism _d2026 215 ## _a4 с. 608 ## _aJournal article _2local 675 ## _aОрганизация высшего образования. Организация работы высшего учебного заведения. 378.1 _z 700 #1 _alarionov _gG. S. 856 4# _avestnik-rmat.editorum.ru _u